Geese of the World - Statistics

General Stats
  • This quiz has been taken 7 times
    6 since last reset
  • The average score is 26 of 31
Answer Stats
Picture Answer % Correct
Andean Goose
100%
Canada Goose
100%
Egyptian Goose
100%
Graylag Goose
100%
Magpie Goose
100%
Snow Goose
100%
Tundra Bean Goose
100%
African Pygmy-goose
80%
Ashy-headed Goose
80%
Bar-headed Goose
80%
Barnacle Goose
80%
Blue-winged Goose
80%
Brant
80%
Cackling Goose
80%
Cape Barren Goose
80%
Cotton Pygmy-goose
80%
Greater White-fronted Goose
80%
Green Pygmy-goose
80%
Hawaiian Goose
80%
Kelp Goose
80%
Lesser White-fronted Goose
80%
Orinoco Goose
80%
Pink-footed Goose
80%
Red-Breasted Goose
80%
Ross's Goose
80%
Ruddy-headed Goose
80%
Spur-winged Goose
80%
Swan Goose
80%
Taiga Bean Goose
80%
Upland Goose
80%
Emperor Goose
60%
No matching quizzes found
Score Distribution
Percent of People with Each Score
Percentile by Number Answered
Your Score History
You have not taken this quiz since the last reset